Tribals: development, displacementan rehabilitation, a case study of Orissa (Record no. 493461)

000 -LEADER
fixed length control field 00489cam a22001577a 4500
008 - FIXED-LENGTH DATA ELEMENTS--GENERAL INFORMATION
fixed length control field 180718b2006 xxu||||| |||| 00| 0 eng d
020 ## - INTERNATIONAL STANDARD BOOK NUMBER
International Standard Book Number 8170544424
082 ## - DEWEY DECIMAL CLASSIFICATION NUMBER
Classification number BA27x5414 Pa21
100 ## - MAIN ENTRY--PERSONAL NAME
Personal name Parida, Jayanta
245 ## - TITLE STATEMENT
Title Tribals: development, displacementan rehabilitation, a case study of Orissa
Statement of responsibility, etc. by Jayanta Parida
260 ## - PUBLICATION, DISTRIBUTION, ETC.
Place of publication, distribution, etc. New Delhi
Name of publisher, distributor, etc. Classical
Date of publication, distribution, etc. 2006
300 ## - PHYSICAL DESCRIPTION
Extent 151p.
650 ## - SUBJECT ADDED ENTRY--TOPICAL TERM
Topical term or geographic name entry element (India) --Economic conditions.
650 ## - SUBJECT ADDED ENTRY--TOPICAL TERM
Topical term or geographic name entry element Social conditions
650 ## - SUBJECT ADDED ENTRY--TOPICAL TERM
Topical term or geographic name entry element Scheduled tribes
Holdings
Withdrawn status Lost status Damaged status Not for loan Permanent Location Current Location Date acquired Full call number Barcode Date last seen Price effective from Koha item type
        Indian Institute of Public Administration Indian Institute of Public Administration 2018-08-04 BA27x5414 Pa21 GR17811 2025-01-29 2018-08-04 GR

Powered by Koha